Advanced chemistry for you (Record no. 2166)
[ view plain ]
| 000 -LEADER | |
|---|---|
| fixed length control field | 00560nam a22002177a 4500 |
| 003 - CONTROL NUMBER IDENTIFIER | |
| control field | OSt |
| 005 - DATE AND TIME OF LATEST TRANSACTION | |
| control field | 20151216095458.0 |
| 008 - FIXED-LENGTH DATA ELEMENTS--GENERAL INFORMATION | |
| fixed length control field | 130307t xxu||||| |||| 00| 0 eng d |
| 020 ## - INTERNATIONAL STANDARD BOOK NUMBER | |
| International Standard Book Number | 9780748752973 |
| 050 ## - LIBRARY OF CONGRESS CALL NUMBER | |
| Classification number | QD 33 |
| Item number | .R988 2000 |
| 082 ## - DEWEY DECIMAL CLASSIFICATION NUMBER | |
| Classification number | IB 540 |
| Item number | R95 2000 |
| 100 ## - MAIN ENTRY--PERSONAL NAME | |
| Personal name | Ryan, Lawrie |
| 245 ## - TITLE STATEMENT | |
| Title | Advanced chemistry for you |
| Statement of responsibility, etc | Lawrie Ryan |
| 260 ## - PUBLICATION, DISTRIBUTION, ETC. (IMPRINT) | |
| Place of publication, distribution, etc | Cheltenham : |
| Name of publisher, distributor, etc | Stanley Thornes, |
| Date of publication, distribution, etc | c2000. |
| 300 ## - PHYSICAL DESCRIPTION | |
| Dimensions | 28 cm. |
| Extent | 472 p., |
| Other physical details | col.,ill., |
| 521 ## - TARGET AUDIENCE NOTE | |
| Target audience note | Grade 8 |
| 526 ## - STUDY PROGRAM INFORMATION NOTE | |
| Reading level | 900L to 1010L |
| 562 ## - COPY AND VERSION IDENTIFICATION NOTE | |
| Number of copies | 1 |
| 942 ## - ADDED ENTRY ELEMENTS (KOHA) | |
| Source of classification or shelving scheme | Library of Congress Classification |
| Koha item type | Books |
| Withdrawn status | Lost status | Source of classification or shelving scheme | Damaged status | Home library | Current library | Shelving location | Date acquired | Total Checkouts | Total Renewals | Full call number | Barcode | Date last seen | Date checked out | Copy number | Price effective from | Koha item type |
|---|---|---|---|---|---|---|---|---|---|---|---|---|---|---|---|---|
| Library of Congress Classification | Luxembourg Library | Luxembourg Library | International Baccalaureate Section | 03/07/2013 | 2 | 7 | QD 33 .R988 2000 | 16725 | 02/19/2018 | 10/27/2017 | 1 | 10/03/2013 | Books | |||
| Library of Congress Classification | Luxembourg Library | Luxembourg Library | International Baccalaureate Section | 03/07/2013 | QD 33 .R988 2000 | 14411 | 08/13/2013 | 2 | 10/03/2013 | Books |